[Event "FICGS rapid C 000041 email"]
[Site "FICGS email"]
[Date "2007.12.13"]
[Round "1"]
[White "Hess, Volker"]
[Black "Schafer, Banner"]
[Result "1-0"]
[WhiteElo "1242"]
[BlackElo "1312"]
[PlyCount "31"]
[EventDate "2007.??.??"]
[EventType "tourn (rapid)"]
[EventRounds "4"]
[SourceTitle "Corr 2022"]
[Source "ChessBase"]
[SourceDate "2021.10.24"]
[SourceVersion "1"]
[SourceVersionDate "2021.10.24"]
[SourceQuality "1"]

1. e4 c5 2. c3 Nc6 3. Nf3 e6 4. d4 cxd4 5. cxd4 g6 6. Nc3 Bg7 7. Be3 d6 8. Bb5 Nf6 9. 0-0 0-0 10. Bd3 Bd7 11. Qd2 Nb4 12. Bc4 a6 13. Bh6 Ng4 14. Bxg7 Kxg7 15. Be2 Bc6 16. Ng5 1-0

[Event "FICGS rapid C 000041 email"]
[Site "FICGS email"]
[Date "2007.12.13"]
[Round "1"]
[White "Stoyanov, Zdravko"]
[Black "Schafer, Banner"]
[Result "1-0"]
[WhiteElo "1233"]
[BlackElo "1312"]
[PlyCount "31"]
[EventDate "2007.??.??"]
[EventType "tourn (rapid)"]
[EventRounds "4"]
[SourceTitle "Corr 2022"]
[Source "ChessBase"]
[SourceDate "2021.10.24"]
[SourceVersion "1"]
[SourceVersionDate "2021.10.24"]
[SourceQuality "1"]

1. e4 c5 2. Nf3 Nc6 3. Bb5 e6 4. Bxc6 bxc6 5. a3 d5 6. e5 f6 7. exf6 Nxf6 8. 0-0 Ba6 9. Re1 Qd7 10. c3 Bd6 11. Ng5 0-0 12. Nxe6 Rfe8 13. Qe2 Bxe2 14. Rxe2 Rxe6 15. Kf1 Rae8 16. Rxe6 1-0

[Event "FICGS class F 000047 email"]
[Site "FICGS email"]
[Date "2007.09.30"]
[Round "1"]
[White "Kolok, Gabor"]
[Black "Schafer, Banner"]
[Result "0-1"]
[WhiteElo "1318"]
[BlackElo "1293"]
[PlyCount "20"]
[EventDate "2007.??.??"]
[EventType "tourn (corr)"]
[EventRounds "5"]
[SourceTitle "Corr 2022"]
[Source "ChessBase"]
[SourceDate "2021.10.24"]
[SourceVersion "1"]
[SourceVersionDate "2021.10.24"]
[SourceQuality "1"]

1. e4 c5 2. Nf3 Nc6 3. d4 cxd4 4. Nxd4 g6 5. c4 Bg7 6. Be3 d6 7. f4 Qa5+ 8. Nc3 Nf6 9. Qd2 Nxd4 10. Bxd4 0-0 0-1

[Event "FICGS class F 000047 email"]
[Site "FICGS email"]
[Date "2007.09.30"]
[Round "1"]
[White "Schafer, Banner"]
[Black "Hess, Volker"]
[Result "0-1"]
[WhiteElo "1293"]
[BlackElo "1311"]
[PlyCount "60"]
[EventDate "2007.??.??"]
[EventType "tourn (corr)"]
[EventRounds "5"]
[SourceTitle "Corr 2022"]
[Source "ChessBase"]
[SourceDate "2021.10.24"]
[SourceVersion "1"]
[SourceVersionDate "2021.10.24"]
[SourceQuality "1"]

1. e4 d6 2. d4 Nf6 3. Nc3 g6 4. Bg5 Bg7 5. Bc4 0-0 6. Qd2 Na6 7. a3 c5 8. Bxa6 cxd4 9. Bxf6 dxc3 10. Qd3 Bxf6 11. Bc4 cxb2 12. Rb1 a6 13. Nf3 b5 14. Bd5 Rb8 15. 0-0 Bd7 16. e5 dxe5 17. Be4 b4 18. Rxb2 Bb5 19. Qxd8 Rfxd8 20. Re1 bxa3 21. Ra2 Rd7 22. Rxa3 Rc7 23. Rb1 Rc4 24. Bd3 Rc5 25. Rxa6 e4 26. Bxb5 Rcxb5 27. Rxb5 Rxb5 28. Ne1 Rb1 29. Kf1 Bc3 30. Ra8+ Kg7 0-1

[Event "FICGS rapid C 000037 email"]
[Site "FICGS email"]
[Date "2007.09.22"]
[Round "1"]
[White "Schafer, Banner"]
[Black "Segovia, Didier"]
[Result "0-1"]
[WhiteElo "1293"]
[BlackElo "846"]
[PlyCount "82"]
[EventDate "2007.??.??"]
[EventType "tourn (rapid)"]
[EventRounds "4"]
[SourceTitle "Corr 2022"]
[Source "ChessBase"]
[SourceDate "2021.10.24"]
[SourceVersion "1"]
[SourceVersionDate "2021.10.24"]
[SourceQuality "1"]

1. e4 e5 2. d4 d6 3. d5 Nf6 4. Bg5 Be7 5. Bxf6 Bxf6 6. Nf3 Bg4 7. c4 c6 8. Nc3 0-0 9. Be2 c5 10. a3 a6 11. b4 b6 12. 0-0 Nd7 13. h3 Bh5 14. Qa4 Qc8 15. g4 Bg6 16. h4 h6 17. Qc2 Bh7 18. g5 hxg5 19. hxg5 Be7 20. Kg2 Nb8 21. Rh1 Qg4+ 22. Kf1 Bxg5 23. Rg1 Qh3+ 24. Ke1 Bf4 25. Kd1 Nd7 26. Nd2 cxb4 27. axb4 Qh2 28. Rf1 Nf6 29. Kc1 Qg2 30. Kb2 Qh3 31. Rh1 Qd7 32. Rh4 Rfc8 33. Na4 Qb7 34. Nb3 Bxe4 35. Bd3 b5 36. Bxe4 Rxc4 37. Rah1 Bh6 38. Qd2 Nxe4 39. Qd3 Nxf2 40. Rxh6 Nxd3+ 41. Ka3 gxh6 0-1

[Event "FICGS class F 000043 email"]
[Site "FICGS email"]
[Date "2007.07.14"]
[Round "1"]
[White "Hess, Volker"]
[Black "Schafer, Banner"]
[Result "0-1"]
[WhiteElo "1300"]
[BlackElo "1257"]
[PlyCount "154"]
[EventDate "2007.??.??"]
[EventType "tourn (corr)"]
[EventRounds "5"]
[SourceTitle "Corr 2022"]
[Source "ChessBase"]
[SourceDate "2021.10.24"]
[SourceVersion "1"]
[SourceVersionDate "2021.10.24"]
[SourceQuality "1"]

1. c4 e5 2. Nc3 Nf6 3. g3 Bb4 4. Bg2 Nc6 5. Nf3 Bxc3 6. dxc3 d6 7. Bg5 h6 8. Bxf6 Qxf6 9. 0-0 0-0 10. Nd2 Bf5 11. b4 a6 12. a4 Rab8 13. b5 axb5 14. cxb5 Ne7 15. a5 Qe6 16. Re1 Bh3 17. Bh1 Nd5 18. c4 Nc3 19. Qb3 Nxb5 20. Qxb5 c6 21. Qb3 f5 22. Qc3 f4 23. a6 bxa6 24. Rxa6 fxg3 25. hxg3 Qf5 26. Qf3 Qc2 27. Qh5 Qxd2 28. Rea1 Qd4 29. Bf3 Bf5 30. Rc1 Rb1 31. Rxb1 Bxb1 32. Rxc6 Be4 33. Rc7 Bxf3 34. exf3 Qd1+ 35. Kg2 e4 36. Qd5+ Qxd5 37. cxd5 exf3+ 38. Kh3 Rf5 39. Kg4 Rxd5 40. Kxf3 Kh7 41. Rd7 Kg6 42. Ke4 Re5+ 43. Kf4 Re6 44. g4 Kf6 45. f3 g5+ 46. Kg3 Ke5 47. Rf7 d5 48. f4+ gxf4+ 49. Rxf4 Rc6 50. Rf8 Rg6 51. Rf5+ Ke6 52. Rh5 Kd6 53. Kf4 Kc5 54. Rh1 d4 55. Rc1+ Kd5 56. Kf5 Rg5+ 57. Kf4 Re5 58. Rd1 Re3 59. Rh1 Re4+ 60. Kf5 d3 61. Rd1 Kd4 62. Ra1 Re2 63. Kg6 d2 64. Rd1 Kd3 65. Kxh6 Kc2 66. Rxd2+ Kxd2 67. g5 Ke3 68. g6 Rh2+ 69. Kg7 Ke4 70. Kg8 Ke5 71. g7 Ke6 72. Kf8 Rf2+ 73. Kg8 Ke7 74. Kh8 Rh2+ 75. Kg8 Rg2 76. Kh7 Kf7 77. Kh8 Rh2# 0-1

[Event "FICGS class G 000016 email"]
[Site "FICGS email"]
[Date "2007.05.29"]
[Round "1"]
[White "Stoyanov, Zdravko"]
[Black "Schafer, Banner"]
[Result "1-0"]
[WhiteElo "1136"]
[BlackElo "1178"]
[PlyCount "121"]
[EventDate "2007.??.??"]
[EventType "tourn (corr)"]
[EventRounds "4"]
[SourceTitle "Corr 2022"]
[Source "ChessBase"]
[SourceDate "2021.10.24"]
[SourceVersion "1"]
[SourceVersionDate "2021.10.24"]
[SourceQuality "1"]

1. e4 c5 2. Bc4 e6 3. Nf3 Nc6 4. 0-0 a6 5. Re1 b5 6. Be2 Nf6 7. d3 Be7 8. a3 0-0 9. Be3 Bb7 10. Nbd2 d5 11. d4 Qc7 12. dxc5 e5 13. h3 d4 14. Bg5 Nd8 15. b4 Ne6 16. Bd3 Nxg5 17. Nxg5 a5 18. Bxb5 axb4 19. axb4 Rxa1 20. Qxa1 Ra8 21. Qb2 Nh5 22. Ngf3 Nf4 23. Nc4 d3 24. c3 f5 25. Nfxe5 Bxe4 26. f3 Bd5 27. Ra1 Rxa1+ 28. Kf2 Bh4+ 29. g3 Rh1 30. Qa3 Bxc4 31. Qa8+ Bd8 32. Bxc4+ Kf8 33. Nxd3 Nxd3+ 34. Bxd3 Rxh3 35. Bxf5 Qxg3+ 36. Ke3 Qg5+ 37. Ke4 Kf7 38. Bxh3 Qh4+ 39. Bg4 h5 40. Qd5+ Ke8 41. Qxh5+ Qxh5 42. Bxh5+ Kd7 43. Kd5 Kc7 44. b5 Kb7 45. c6+ Kb6 46. c4 Be7 47. f4 Bf8 48. Ke6 Kc7 49. Kf7 Bd6 50. f5 Kb6 51. Kxg7 Kc5 52. Be2 Kb6 53. f6 Be5 54. Kf7 Kc5 55. Ke6 Bd6 56. f7 Bf8 57. c7 Kb6 58. c8Q Bd6 59. Kxd6 Ka7 60. Qc7+ Ka8 61. Bf3# 1-0

[Event "FICGS class F 000034 email"]
[Site "FICGS email"]
[Date "2007.04.16"]
[Round "1"]
[White "Holak, Stephen"]
[Black "Schafer, Banner"]
[Result "1-0"]
[WhiteElo "1046"]
[BlackElo "1259"]
[PlyCount "45"]
[EventDate "2007.??.??"]
[EventType "tourn (corr)"]
[EventRounds "5"]
[SourceTitle "Corr 2022"]
[Source "ChessBase"]
[SourceDate "2021.10.24"]
[SourceVersion "1"]
[SourceVersionDate "2021.10.24"]
[SourceQuality "1"]

1. d4 c5 2. d5 e6 3. c4 b5 4. cxb5 Nf6 5. Nc3 exd5 6. Nxd5 Nxd5 7. Qxd5 Qa5+ 8. Bd2 Qxb5 9. Qxa8 Bd6 10. Qe4+ Be7 11. Bc3 f6 12. e3 Bb7 13. Qf4 Qc6 14. Qxb8+ Qc8 15. Qxc8+ Bxc8 16. Bc4 Bb7 17. Nf3 d5 18. Bb5+ Kf8 19. Rb1 Kf7 20. b4 cxb4 21. Bxb4 Rc8 22. Bxe7 Kxe7 23. Kd2 1-0

[Event "FICGS class F 000034 email"]
[Site "FICGS email"]
[Date "2007.04.16"]
[Round "1"]
[White "Lorena, June"]
[Black "Schafer, Banner"]
[Result "0-1"]
[WhiteElo "1400"]
[BlackElo "1259"]
[PlyCount "44"]
[EventDate "2007.??.??"]
[EventType "tourn (corr)"]
[EventRounds "5"]
[SourceTitle "Corr 2022"]
[Source "ChessBase"]
[SourceDate "2021.10.24"]
[SourceVersion "1"]
[SourceVersionDate "2021.10.24"]
[SourceQuality "1"]

1. d4 c5 2. Nf3 e6 3. e4 Nc6 4. Be3 cxd4 5. Nxd4 Bb4+ 6. Nd2 Nf6 7. Bd3 Nxd4 8. Bxd4 d5 9. c3 dxe4 10. Nxe4 Nxe4 11. Bxe4 Ba5 12. 0-0 0-0 13. Qd3 g6 14. Qe3 f5 15. Qh6 Rf7 16. Bf3 Bb6 17. Rad1 Bxd4 18. Rxd4 Qb6 19. Rfd1 Rf8 20. Rb4 Qc7 21. Rh4 e5 22. Bd5+ Kh8 0-1

[Event "FICGS rapid C 000029 email"]
[Site "FICGS email"]
[Date "2007.04.16"]
[Round "1"]
[White "Lorena, June"]
[Black "Schafer, Banner"]
[Result "0-1"]
[WhiteElo "1400"]
[BlackElo "1259"]
[PlyCount "38"]
[EventDate "2007.??.??"]
[EventType "tourn (rapid)"]
[EventRounds "4"]
[SourceTitle "Corr 2022"]
[Source "ChessBase"]
[SourceDate "2021.10.24"]
[SourceVersion "1"]
[SourceVersionDate "2021.10.24"]
[SourceQuality "1"]

1. d4 c5 2. Bf4 Nc6 3. Nd2 cxd4 4. g3 e5 5. e4 exf4 6. Bd3 fxg3 7. fxg3 Bb4 8. Ngf3 Nf6 9. 0-0 0-0 10. e5 Ng4 11. Ne4 Ne3 12. Qe2 Nxf1 13. Rxf1 Re8 14. Nfg5 Nxe5 15. Qh5 h6 16. Nxf7 Qc7 17. Nxh6+ gxh6 18. Qxe8+ Kg7 19. a3 Nxd3 0-1

[Event "FICGS rapid C 000029 email"]
[Site "FICGS email"]
[Date "2007.04.16"]
[Round "1"]
[White "Schafer, Banner"]
[Black "Queiroz, Florencio"]
[Result "0-1"]
[WhiteElo "1259"]
[BlackElo "1400"]
[PlyCount "34"]
[EventDate "2007.??.??"]
[EventType "tourn (rapid)"]
[EventRounds "4"]
[SourceTitle "Corr 2022"]
[Source "ChessBase"]
[SourceDate "2021.10.24"]
[SourceVersion "1"]
[SourceVersionDate "2021.10.24"]
[SourceQuality "1"]

1. d4 Nf6 2. Nf3 e6 3. c4 b6 4. Nc3 Bb4 5. Bd2 0-0 6. e3 Bb7 7. Bd3 d6 8. 0-0 Bxc3 9. Bxc3 Nbd7 10. Qc2 Qe7 11. Ng5 h6 12. Nh7 Nxh7 13. Bxh7+ Kh8 14. d5 f5 15. Bg6 Qg5 16. c5 Bxd5 17. cxb6 Qxg2# 0-1

[Event "FICGS rapid C 000029 email"]
[Site "FICGS email"]
[Date "2007.04.16"]
[Round "1"]
[White "Souquiere, Florence"]
[Black "Schafer, Banner"]
[Result "0-1"]
[WhiteElo "861"]
[BlackElo "1259"]
[PlyCount "32"]
[EventDate "2007.??.??"]
[EventType "tourn (rapid)"]
[EventRounds "4"]
[SourceTitle "Corr 2022"]
[Source "ChessBase"]
[SourceDate "2021.10.24"]
[SourceVersion "1"]
[SourceVersionDate "2021.10.24"]
[SourceQuality "1"]

1. Nf3 c5 2. e4 Nc6 3. d4 cxd4 4. Nbd2 e5 5. Nc4 Bb4+ 6. Bd2 Qe7 7. Qe2 Nf6 8. h3 d5 9. c3 dxc3 10. bxc3 Ba5 11. Nfxe5 Nxe5 12. Rc1 Nxc4 13. g3 Nxd2 14. Kxd2 dxe4 15. Bg2 0-0 16. f3 Rd8+ 0-1

[Event "FICGS rapid C 000027 email"]
[Site "FICGS email"]
[Date "2007.03.27"]
[Round "1"]
[White "Schafer, Banner"]
[Black "Chacon, Marc"]
[Result "0-1"]
[WhiteElo "1259"]
[BlackElo "1297"]
[PlyCount "54"]
[EventDate "2007.??.??"]
[EventType "tourn (rapid)"]
[EventRounds "4"]
[SourceTitle "Corr 2022"]
[Source "ChessBase"]
[SourceDate "2021.10.24"]
[SourceVersion "1"]
[SourceVersionDate "2021.10.24"]
[SourceQuality "1"]

1. d4 d5 2. c4 e6 3. e3 Nf6 4. c5 Nc6 5. Nf3 Be7 6. Bb5 Bd7 7. Bxc6 Bxc6 8. Ne5 0-0 9. Nd2 Ne4 10. Nxe4 dxe4 11. 0-0 Bd5 12. Bd2 f6 13. Ng4 b6 14. b4 a5 15. a3 bxc5 16. bxc5 a4 17. h3 Bb3 18. Qe2 Qd5 19. f3 Bc4 20. Qf2 Bxf1 21. Kxf1 h5 22. fxe4 Qc4+ 23. Qe2 Qxe2+ 24. Kxe2 hxg4 25. hxg4 f5 26. exf5 exf5 27. gxf5 Rxf5 0-1

[Event "FICGS class E 000041 email"]
[Site "FICGS email"]
[Date "2007.03.26"]
[Round "1"]
[White "Lorena, June"]
[Black "Schafer, Banner"]
[Result "0-1"]
[WhiteElo "1400"]
[BlackElo "1259"]
[PlyCount "52"]
[EventDate "2007.??.??"]
[EventType "tourn (corr)"]
[EventRounds "5"]
[SourceTitle "Corr 2022"]
[Source "ChessBase"]
[SourceDate "2021.10.24"]
[SourceVersion "1"]
[SourceVersionDate "2021.10.24"]
[SourceQuality "1"]

1. c4 e5 2. e4 Nf6 3. Bd3 Bc5 4. Qe2 Nc6 5. a3 Nd4 6. Qd1 d6 7. Ne2 Bg4 8. f3 Bh5 9. b4 Nxe2 10. Qxe2 Bd4 11. Ra2 0-0 12. Nc3 c6 13. b5 Re8 14. Bb2 Nd7 15. Na4 Nc5 16. Nxc5 Bxc5 17. bxc6 bxc6 18. g4 Qh4+ 19. Kd1 Bg6 20. Bc3 Rab8 21. f4 h5 22. f5 Bh7 23. gxh5 d5 24. Bxe5 Rxe5 25. cxd5 Bxf5 26. dxc6 Bg4 0-1

[Event "FICGS class E 000041 email"]
[Site "FICGS email"]
[Date "2007.03.26"]
[Round "1"]
[White "Schafer, Banner"]
[Black "Miranda, Marcus"]
[Result "0-1"]
[WhiteElo "1259"]
[BlackElo "1434"]
[PlyCount "46"]
[EventDate "2007.??.??"]
[EventType "tourn (corr)"]
[EventRounds "5"]
[SourceTitle "Corr 2022"]
[Source "ChessBase"]
[SourceDate "2021.10.24"]
[SourceVersion "1"]
[SourceVersionDate "2021.10.24"]
[SourceQuality "1"]

1. d4 Nf6 2. c4 e6 3. Nf3 b6 4. Nc3 Bb7 5. Bg5 Bb4 6. a3 Be7 7. Bxf6 Bxf6 8. e4 d6 9. Bd3 Nd7 10. 0-0 0-0 11. Qc2 g6 12. e5 dxe5 13. dxe5 Nxe5 14. Nxe5 Bxe5 15. Rad1 Qh4 16. g3 Qh5 17. Rfe1 Rad8 18. Be2 Qf5 19. Qxf5 gxf5 20. Bh5 Bd4 21. Re2 Bxc3 22. Rxd8 Rxd8 23. bxc3 Rd1+ 0-1

[Event "FICGS class E 000041 email"]
[Site "FICGS email"]
[Date "2007.03.26"]
[Round "1"]
[White "Schafer, Banner"]
[Black "Podogov, Ilia"]
[Result "1-0"]
[WhiteElo "1259"]
[BlackElo "1400"]
[PlyCount "27"]
[EventDate "2007.??.??"]
[EventType "tourn (corr)"]
[EventRounds "5"]
[SourceTitle "Corr 2022"]
[Source "ChessBase"]
[SourceDate "2021.10.24"]
[SourceVersion "1"]
[SourceVersionDate "2021.10.24"]
[SourceQuality "1"]

1. d4 d5 2. c4 e6 3. e3 Nf6 4. c5 Nbd7 5. Nc3 c6 6. Nf3 Be7 7. Bd3 h6 8. 0-0 Qc7 9. Qc2 e5 10. e4 exd4 11. Nxd4 Bxc5 12. Be3 Ng4 13. g3 Qe5 14. Nf3 1-0